00377nam a2200109Ia 4500008004100000020001800041245010100059260003100160440002300191650001200214856004100226171212s9999 xx 000 0 und d a9781783743438 ceditor von Kulessa, Rotraud;Seth, CatrionaaL’idée de l’Europebau Siècle des Lumières bOpen Book Publishersc2017 aOpen Book Classics aHistory uhttp://jstor.org/stable/j.ctt1sq5vcp